000 00410cam a2200145ua 4500
041 _aeng
_h
082 _a928.21
_bBOA/CH
100 _aBoas, Frederick S .
245 _aChristopher Marlowe: A biographical and critical study /
_cFrederick S Boas.
_hTextual Documents
260 _a :
_bOxfort at the Clarendou Press ,
_c1964.
300 _a336 ; .
650 _aBiography
942 _cBK
999 _c411
_d411